[Event "Tarragona Calbet Memorial"]
[Site "Tarragona"]
[Date "2013.05.25"]
[Round "7"]
[White "Panella Navarro, Sergi"]
[Black "Miquel Erice, Joan"]
[Result "1-0"]
[WhiteElo "2160"]
[BlackElo "2035"]
[PlyCount "53"]
[EventDate "2013.04.13"]
[EventType "swiss"]
[EventRounds "8"]
[EventCountry "ESP"]
[SourceTitle "EXT 2014"]
[Source "ChessBase"]
[SourceDate "2013.11.20"]
[SourceVersion "1"]
[SourceVersionDate "2013.11.20"]
[SourceQuality "1"]

1. e4 c5 2. Nf3 Nf6 3. e5 Nd5 4. d4 cxd4 5. c3 e6 6. cxd4 Nc6 7. Nc3 d6 8. Bd2 dxe5 9. dxe5 Ndb4 10. Bf4 Qa5 11. Bc4 g5 12. Nxg5 Nxe5 13. Bb5+ Bd7 14. Nxf7 Kxf7 15. Bxe5 Bxb5 16. Qh5+ Ke7 17. Bxh8 Nc2+ 18. Kd2 Rd8+ 19. Kc1 Nxa1 20. Qxh7+ Kd6 21. Rd1+ Kc5 22. Qh5+ Kb4 23. Rxd8 Bc5 24. Bd4 b6 25. a3+ Kc4 26. Qe2+ Kb3 27. Qxb5+ 1-0

[Event "Tarragona Calbet Memorial"]
[Site "Tarragona"]
[Date "2013.05.11"]
[Round "5"]
[White "Miquel Erice, Joan"]
[Black "Khaidorov, Viacheslav"]
[Result "0-1"]
[WhiteElo "2035"]
[BlackElo "2281"]
[PlyCount "64"]
[EventDate "2013.04.13"]
[EventType "swiss"]
[EventRounds "8"]
[EventCountry "ESP"]
[SourceTitle "EXT 2014"]
[Source "ChessBase"]
[SourceDate "2013.11.20"]
[SourceVersion "1"]
[SourceVersionDate "2013.11.20"]
[SourceQuality "1"]

1. e4 e5 2. Nf3 Nc6 3. Nc3 Nf6 4. Bb5 Nd4 5. Bc4 Bc5 6. d3 d6 7. Nxd4 Bxd4 8. Qf3 Be6 9. Nd5 Nxd5 10. exd5 Bd7 11. 0-0 0-0 12. Be3 Bxe3 13. fxe3 f5 14. d4 exd4 15. exd4 Qh4 16. c3 Rae8 17. g3 Qh6 18. Qf4 g5 19. Qd2 f4 20. Rae1 Rxe1 21. Rxe1 f3 22. Qf2 Qf6 23. Re3 Rf7 24. Kf1 Kg7 25. Ke1 Qg6 26. Bd3 Bf5 27. Bb5 Bd7 28. Bd3 Bf5 29. Bb5 g4 30. Be8 Bd7 31. Qd2 f2+ 32. Kf1 Qb1+ 0-1

[Event "Catalunya-chT"]
[Site "Catalunya"]
[Date "2012.03.17"]
[Round "8.9"]
[White "Dickl, Errol"]
[Black "Miquel Erice, Joan"]
[Result "1-0"]
[WhiteElo "2193"]
[BlackElo "1995"]
[PlyCount "103"]
[EventDate "2012.01.28"]
[EventType "team-tourn"]
[EventRounds "11"]
[EventCountry "ESP"]
[SourceTitle "EXT 2013"]
[Source "ChessBase"]
[SourceDate "2012.11.22"]
[SourceVersion "1"]
[SourceVersionDate "2012.11.22"]
[SourceQuality "1"]
[WhiteTeam "Terrassa"]
[BlackTeam "Tarragona"]
[WhiteTeamCountry "ESP"]
[BlackTeamCountry "ESP"]

1. e4 d5 2. exd5 Qxd5 3. Nf3 Nf6 4. d4 Bg4 5. Be2 c6 6. c4 Qa5+ 7. Bd2 Qb6 8. c5 Qc7 9. Nc3 Nbd7 10. Qc1 e5 11. Nxe5 Nxe5 12. Bf4 Nfd7 13. dxe5 Nxc5 14. Qe3 Bxe2 15. Qxe2 Ne6 16. Bg3 h5 17. h3 0-0-0 18. 0-0 g5 19. Ne4 Nf4 20. Bxf4 gxf4 21. Ng5 Rg8 22. Nf3 Bc5 23. Qc4 Bb6 24. Rad1 Rdf8 25. Qxf4 f5 26. Qh6 Qg7 27. Qxg7 Rxg7 28. Rfe1 Rfg8 29. Nh4 Bd8 30. Rd4 Bxh4 31. Rxh4 Rxg2+ 32. Kf1 R8g5 33. Re3 Kd7 34. Rd4+ Ke6 35. Rd6+ Ke7 36. Rf6 Rh2 37. Rb3 b6 38. Re3 c5 39. a4 h4 40. a5 bxa5 41. Rb3 Rh1+ 42. Ke2 f4 43. Rb7+ Ke8 44. Re6+ Kf8 45. Kf3 Rf5 46. Rxa7 Rf7 47. Ra8+ Kg7 48. Kg4 Rg1+ 49. Kf3 Rb7 50. Ree8 Rb3+ 51. Kxf4 Rf1 52. Re7+ 1-0

[Event "Catalunya-chT"]
[Site "Catalunya"]
[Date "2012.03.10"]
[Round "7.9"]
[White "Miquel Erice, Joan"]
[Black "Bosque Ortega, Xavier"]
[Result "1-0"]
[WhiteElo "1995"]
[BlackElo "2246"]
[PlyCount "43"]
[EventDate "2012.01.28"]
[EventType "team-tourn"]
[EventRounds "11"]
[EventCountry "ESP"]
[SourceTitle "EXT 2013"]
[Source "ChessBase"]
[SourceDate "2012.11.22"]
[SourceVersion "1"]
[SourceVersionDate "2012.11.22"]
[SourceQuality "1"]
[WhiteTeam "Tarragona"]
[BlackTeam "Barbera"]
[WhiteTeamCountry "ESP"]
[BlackTeamCountry "ESP"]

1. e4 c6 2. d4 g6 3. Nc3 d5 4. e5 h5 5. Nge2 Nh6 6. Bg5 Qb6 7. Qd2 Qxb2 8. Rb1 Qa3 9. Nc1 Qa5 10. Bd3 Nf5 11. 0-0 Nxd4 12. Bxg6 Nf3+ 13. gxf3 fxg6 14. Nb3 Qc7 15. e6 Bxe6 16. Nc5 Bh3 17. Rxb7 Qd6 18. Qd4 Rg8 19. Re1 Nd7 20. Nxd7 Bxd7 21. Ne4 dxe4 22. Qxd6 1-0